| 000 | 00570nam a22001937a 4500 | ||
|---|---|---|---|
| 008 | 150601b xxu||||| |||| 00| 0 eng d | ||
| 020 | _a0065010043 | ||
| 041 | 0 | _aeng | |
| 080 | _a336 | ||
| 100 | 1 | _aChambers, Donald R. | |
| 245 | 1 | 0 |
_aModern corporate finance : _cDonald R. Chambers, Nelson J. Lacey. |
| 260 |
_aNew York, NY : _bHarperCollins College Publishers, _cc1994. |
||
| 300 |
_a 640 f. : _bme il.; _c25 cm. |
||
| 505 | _aIndex: f.631-640 | ||
| 650 | 0 | _aFinanca | |
| 650 | 0 | _aKorporatat | |
| 700 | 1 | _aLacey, Nelson J. | |
| 942 |
_2udc _cBK |
||
| 999 |
_c934 _d934 |
||